Scritti (Record n. 357953)
[ formato base ]
| 000 -LEADER | |
|---|---|
| fixed length control field | 01033nam a2200289 a 4500 |
| 001 - CONTROL NUMBER | |
| control field | 000000351851 |
| 003 - CONTROL NUMBER IDENTIFIER | |
| control field | IT-MiSPE |
| 005 - DATE AND TIME OF LATEST TRANSACTION | |
| control field | 20180709183847.0 |
| 008 - FIXED-LENGTH DATA ELEMENTS--GENERAL INFORMATION | |
| fixed length control field | 061129s2002 it a 001 0 ita d |
| 020 ## - INTERNATIONAL STANDARD BOOK NUMBER | |
| International Standard Book Number | 9788806158699 |
| Terms of availability | EUR 50,00 (due volumi) |
| 040 ## - CATALOGING SOURCE | |
| Original cataloging agency | IT-MiSPE |
| Language of cataloging | ita |
| Transcribing agency | IT-MiSPE |
| 041 ## - LANGUAGE CODE | |
| Language code of original | fre |
| 082 ## - DEWEY DECIMAL CLASSIFICATION NUMBER | |
| Classification number | 150.095-LAC ja sc (23179) |
| 100 1# - MAIN ENTRY--PERSONAL NAME | |
| Personal name | Lacan, Jacques, |
| Dates associated with a name | 1901-1981. |
| Relator code | autore |
| 9 (RLIN) | 57312 |
| 240 10 - UNIFORM TITLE | |
| Uniform title | Écrits. |
| Language of a work | fre |
| 245 10 - TITLE STATEMENT | |
| Title | Scritti |
| Remainder of title | volume II / |
| Statement of responsibility, etc. | Jacques Lacan ; a cura di Giacomo B. Contri. |
| 260 ## - PUBLICATION, DISTRIBUTION, ETC. (IMPRINT) | |
| Place of publication, distribution, etc. | Torino : |
| Name of publisher, distributor, etc. | Einaudi, |
| Date of publication, distribution, etc. | 2002. |
| 300 ## - PHYSICAL DESCRIPTION | |
| Extent | pp. 527-927 ; |
| Other physical details | 2 volumi |
| Dimensions | 21 cm |
| 490 1# - SERIES STATEMENT | |
| Series statement | Biblioteca Einaudi ; |
| Volume/sequential designation | 134** |
| 504 ## - BIBLIOGRAPHY, ETC. NOTE | |
| Bibliography, etc | Bibliografia e indice |
| 655 #7 - INDEX TERM--GENRE/FORM | |
| Genre/form data or focus term | Psicologia. Psicanalisi |
| General subdivision | Vari altri psicanalisti. |
| Source of term | local |
| 9 (RLIN) | 57313 |
| 655 #7 - INDEX TERM--GENRE/FORM | |
| Genre/form data or focus term | Psicologia umana. Facoltà. Psicologia sperimentale |
| General subdivision | Intelligenza - Pensieri - Linguaggio. |
| Source of term | local |
| 9 (RLIN) | 57314 |
| 700 1# - ADDED ENTRY--PERSONAL NAME | |
| Personal name | Contri, Giacomo B., |
| Relator term | ed. |
| 9 (RLIN) | 57315 |
| 830 #0 - SERIES ADDED ENTRY--UNIFORM TITLE | |
| Uniform title | Biblioteca Einaudi ; |
| Volume number/sequential designation | 134** |
| 9 (RLIN) | 57316 |
| 942 ## - ADDED ENTRY ELEMENTS (KOHA) | |
| Source of classification or shelving scheme | Dewey Decimal Classification |
| Koha item type | LIBRO |
| Withdrawn status | Lost status | Source of classification or shelving scheme | Damaged status | Not for loan | Home library | Current library | Date acquired | Total Checkouts | Full call number | Date last seen | Price effective from | Koha item type |
|---|---|---|---|---|---|---|---|---|---|---|---|---|
| Dewey Decimal Classification | Buone Condizioni | Not For Loan | CINISELLO | CINISELLO | 09/07/2018 | 150.095-LAC ja sc (23179) | 09/07/2018 | 09/07/2018 | LIBRO |